[Event "Copa Latinoamericana de Ajedrez 2011"]
[Site "Montevideo URU"]
[Date "2011.11.01"]
[Round "1.58"]
[White "Britos, Alejandro"]
[Black "Oddone, Cristhian"]
[Result "0-1"]
[WhiteElo "2052"]
[BlackElo "2197"]
[PlyCount "61"]
[EventDate "2011.11.01"]
[EventType "swiss"]
[EventRounds "9"]
[EventCountry "URU"]
[Source "lmi"]
[SourceDate "2011.11.01"]

1. e4 c6 2. d4 g6 3. Be3 Bg7 4. Bd3 d6 5. Ne2 Nf6 6. h3 O-O 7. Nd2 e5 8. c3
Nbd7 9. O-O d5 10. exd5 Nxd5 11. Nc4 Nxe3 12. fxe3 Qg5 13. Rf3 Nb6 14. Nxb6
axb6 15. Bc4 b5 16. Bb3 Bf5 17. Qe1 Be4 18. Rg3 Qe7 19. dxe5 Bxe5 20. Nf4 Rad8
21. h4 Kh8 22. h5 g5 23. Rh3 gxf4 24. exf4 Bxf4 25. Rh4 Qg5 26. Qxe4 Qxh4 27.
Bc2 Qh2+ 28. Kf1 Qh1+ 29. Kf2 Rd2+ 30. Kf3 Qxg2+ 31. Kxf4 0-1

[Event "Copa Latinoamericana de Ajedrez 2011"]
[Site "Montevideo URU"]
[Date "2011.11.01"]
[Round "1.59"]
[White "Chadwick, Norman"]
[Black "De La Torre, Andres"]
[Result "1-0"]
[WhiteElo "2196"]
[BlackElo "2046"]
[PlyCount "88"]
[EventDate "2011.11.01"]
[EventType "swiss"]
[EventRounds "9"]
[EventCountry "URU"]
[Source "lmi"]
[SourceDate "2011.11.01"]

1. e4 d6 2. d4 Nf6 3. Nc3 g6 4. h3 Bg7 5. Nf3 c6 6. a4 Qb6 7. a5 Qc7 8. Be3
Nbd7 9. Qd2 O-O 10. Bd3 Re8 11. O-O e5 12. Rfe1 Nf8 13. Ra3 Ne6 14. d5 cxd5 15.
exd5 Nf8 16. Bf1 Bd7 17. Nb5 Qb8 18. Rb3 a6 19. Nc3 Rc8 20. Rb4 Be8 21. Na4
Bxa4 22. Rxa4 N8d7 23. b4 Ne4 24. Qc1 Nc3 25. Ra3 Nxd5 26. Bd2 Rc7 27. Qd1 Bf8
28. c4 N5f6 29. Rb3 Nh5 30. Be3 Ng7 31. Ng5 Nf5 32. Ne4 Nxe3 33. Rexe3 Qe8 34.
Nxd6 Qe6 35. Ne4 Be7 36. Nc3 Nf6 37. Qe1 Rd8 38. Rxe5 Qd6 39. c5 Qd7 40. Bc4
Bf8 41. Rb1 Qd2 42. Rd1 Qxd1 43. Qxd1 Rxd1+ 44. Nxd1 Be7 1-0

[Event "Copa Latinoamericana de Ajedrez 2011"]
[Site "Montevideo URU"]
[Date "2011.11.01"]
[Round "1.60"]
[White "Iurk, Jonel Nazareno"]
[Black "Fell, Sebastian"]
[Result "0-1"]
[WhiteElo "2023"]
[BlackElo "2194"]
[PlyCount "70"]
[EventDate "2011.11.01"]
[EventType "swiss"]
[EventRounds "9"]
[EventCountry "URU"]
[Source "lmi"]
[SourceDate "2011.11.01"]

1. d4 Nf6 2. c4 g6 3. g3 Bg7 4. Bg2 O-O 5. Nc3 d6 6. Nf3 Nc6 7. O-O Rb8 8. e4
Bg4 9. Be3 Nd7 10. h3 Bxf3 11. Bxf3 e5 12. d5 Nd4 13. Bg2 c5 14. Qd2 a6 15. f4
b5 16. cxb5 axb5 17. Ne2 Qb6 18. Rad1 Nxe2+ 19. Qxe2 exf4 20. gxf4 f5 21. exf5
gxf5 22. b4 Rfe8 23. Qf2 Qc7 24. bxc5 Nxc5 25. Bxc5 Qxc5 26. Qxc5 dxc5 27. Rfe1
Kf7 28. Kf2 Bd4+ 29. Kg3 Ra8 30. Rxe8 Kxe8 31. Bf1 Ra3+ 32. Kh4 Bf6+ 33. Kh5 c4
34. d6 Rxa2 35. Rd5 Rf2 0-1

[Event "Copa Latinoamericana de Ajedrez 2011"]
[Site "Montevideo URU"]
[Date "2011.11.01"]
[Round "1.61"]
[White "Jodorcovsky Werjivker, Paulo"]
[Black "Hiriart, Guillermo"]
[Result "1-0"]
[WhiteElo "2194"]
[BlackElo "2019"]
[PlyCount "107"]
[EventDate "2011.11.01"]
[EventType "swiss"]
[EventRounds "9"]
[EventCountry "URU"]
[Source "lmi"]
[SourceDate "2011.11.01"]

1. e4 c6 2. Ne2 d5 3. e5 d4 4. b4 Bf5 5. Ng3 Bg6 6. h4 Qd5 7. f4 h6 8. h5 Bh7
9. c4 dxc3 10. dxc3 Qxd1+ 11. Kxd1 e6 12. Nd2 Ne7 13. Nde4 Nd5 14. a3 f5 15.
exf6 Nxf6 16. Bd3 Nbd7 17. Re1 O-O-O 18. Kc2 Bxe4 19. Bxe4 Bd6 20. Bg6 Nf8 21.
Bd3 Re8 22. Bd2 N8d7 23. c4 b6 24. Re2 Nf8 25. Rae1 Kd7 26. a4 Rg8 27. b5 c5
28. a5 g6 29. axb6 axb6 30. Ne4 Ke7 31. Nxd6 Kxd6 32. hxg6 Nxg6 33. Bxg6 Rxg6
34. f5 exf5 35. Rxe8 Nxe8 36. Rxe8 Rxg2 37. Rh8 Ke5 38. Rxh6 Rg4 39. Bc3+ Ke4
40. Re6+ Kf3 41. Kd3 f4 42. Rxb6 Kg2 43. Rf6 Rg3+ 44. Kc2 f3 45. b6 f2 46. b7
Rg8 47. Be5 f1=Q 48. Rxf1 Kxf1 49. b8=Q Rxb8 50. Bxb8 Ke2 51. Bd6 Ke3 52. Bxc5+
Ke4 53. Kc3 Ke5 54. Kb4 1-0

[Event "Copa Latinoamericana de Ajedrez 2011"]
[Site "Montevideo URU"]
[Date "2011.11.01"]
[Round "1.62"]
[White "Rodriguez Farias, Eduardo"]
[Black "Rioseco Pinochet, Fernan"]
[Result "0-1"]
[WhiteElo "2015"]
[BlackElo "2192"]
[PlyCount "62"]
[EventDate "2011.11.01"]
[EventType "swiss"]
[EventRounds "9"]
[EventCountry "URU"]
[Source "lmi"]
[SourceDate "2011.11.01"]

1. e4 e6 2. d3 c5 3. Nf3 Nc6 4. g3 d5 5. Nbd2 g6 6. Bg2 Bg7 7. O-O Nge7 8. Re1
O-O 9. h4 b5 10. Nf1 Bb7 11. h5 dxe4 12. Rxe4 Nd4 13. Nxd4 cxd4 14. hxg6 hxg6
15. Re1 Bxg2 16. Kxg2 Rc8 17. a4 Qd5+ 18. Qf3 Rxc2 19. axb5 Rfc8 20. Nd2 Qxf3+
21. Kxf3 Nd5 22. Nc4 Nb4 23. Na3 R2c5 24. Rd1 Nxd3 25. Rxd3 Rxc1 26. Rxc1 Rxc1
27. Ke2 e5 28. Kd2 Rc5 29. b4 Rd5 30. Kc2 e4 31. Rd1 Rf5 0-1

[Event "Copa Latinoamericana de Ajedrez 2011"]
[Site "Montevideo URU"]
[Date "2011.11.01"]
[Round "1.63"]
[White "Granara Barreto, Sebastian"]
[Black "Campiglia, Guido"]
[Result "1-0"]
[WhiteElo "2190"]
[BlackElo "2011"]
[PlyCount "133"]
[EventDate "2011.11.01"]
[EventType "swiss"]
[EventRounds "9"]
[EventCountry "URU"]
[Source "lmi"]
[SourceDate "2011.11.01"]

1. e4 e5 2. Nf3 Nc6 3. d4 exd4 4. Nxd4 Bc5 5. Nb3 Bb6 6. a4 a6 7. Nc3 Qf6 8.
Qe2 Nge7 9. g3 d6 10. Bg2 O-O 11. O-O Re8 12. Be3 Bxe3 13. Qxe3 Be6 14. Nd2
Rad8 15. Rfe1 h6 16. f4 Qd4 17. Qxd4 Nxd4 18. Rac1 Kf8 19. f5 Bc8 20. Nc4 Ndc6
21. Ne3 Ne5 22. g4 c6 23. Rcd1 Ng8 24. Kf2 b6 25. h4 Nf6 26. Kg3 Ke7 27. Ne2 g5
28. h5 Bb7 29. c4 a5 30. Nc3 Ba8 31. Rd2 Rd7 32. Rb1 Red8 33. b4 axb4 34. Rxb4
Rb7 35. Rb1 Rdb8 36. Bf1 Rd8 37. Be2 Rdb8 38. Rdb2 Ke8 39. Nc2 Nfd7 40. Rd1 Ke7
41. f6+ Nxf6 42. Nd4 Rd7 43. Nf5+ Ke6 44. a5 Ng8 45. axb6 f6 46. Na4 c5 47. Nc3
Nf7 48. Nd5 Ke5 49. Bd3 Bc6 50. Ra1 Rdb7 51. Rba2 Ke6 52. Ra8 Kd7 53. Rxb8 Rxb8
54. Ra7+ Bb7 55. Bc2 Kd8 56. Ba4 Kc8 57. Be8 Bxd5 58. exd5 Ne5 59. Nxd6+ Kd8
60. Bb5 Rxb6 61. Ra8+ Kc7 62. Ne4 Rb8 63. Ra7+ Rb7 64. Ra8 Rb8 65. Ra1 Nd3 66.
d6+ Kd8 67. Ra7 1-0

[Event "Copa Latinoamericana de Ajedrez 2011"]
[Site "Montevideo URU"]
[Date "2011.11.01"]
[Round "1.64"]
[White "Chavez Riofrio, Elias Enrique"]
[Black "Chemin, Justo Reinaldo"]
[Result "0-1"]
[WhiteElo "2009"]
[BlackElo "2184"]
[PlyCount "67"]
[EventDate "2011.11.01"]
[EventType "swiss"]
[EventRounds "9"]
[EventCountry "URU"]
[Source "lmi"]
[SourceDate "2011.11.01"]

1. Nf3 d5 2. b3 Nf6 3. Bb2 c5 4. e3 a6 5. d4 cxd4 6. exd4 g6 7. Be2 Bg7 8. O-O
O-O 9. Ne5 Nc6 10. Nd2 Bf5 11. Nxc6 bxc6 12. Nf3 Nd7 13. c4 a5 14. Nh4 a4 15.
Nxf5 gxf5 16. Qc2 e6 17. b4 a3 18. Bc3 dxc4 19. Bxc4 Nb6 20. Bb3 Nd5 21. Rfd1
Qd6 22. Bxd5 cxd5 23. Rab1 Rfc8 24. Qb3 Rc4 25. Rd3 Qc7 26. g3 Rc8 27. Bd2 Ra8
28. Be3 Qb6 29. Qd1 Qb5 30. Rdb3 Qb6 31. Rd3 Rxb4 32. Rxb4 Qxb4 33. Rb3 Qc4 34.
Qd2 0-1

[Event "Copa Latinoamericana de Ajedrez 2011"]
[Site "Montevideo URU"]
[Date "2011.11.01"]
[Round "1.66"]
[White "Caitano, Pablo"]
[Black "Leiva, Giuseppe"]
[Result "1/2-1/2"]
[WhiteElo "1991"]
[BlackElo "2183"]
[PlyCount "39"]
[EventDate "2011.11.01"]
[EventType "swiss"]
[EventRounds "9"]
[EventCountry "URU"]
[Source "lmi"]
[SourceDate "2011.11.01"]

1. e4 c5 2. Nc3 Nc6 3. g3 g6 4. Bg2 Bg7 5. d3 d6 6. f4 e6 7. Nf3 Nge7 8. O-O
O-O 9. Be3 Nd4 10. Bf2 Nec6 11. Nxd4 Nxd4 12. e5 dxe5 13. fxe5 Bxe5 14. Ne4 f5
15. Nxc5 Qc7 16. b4 Bg7 17. Rc1 Nc6 18. c3 Rb8 19. Re1 Nd8 20. a4 1/2-1/2

[Event "Copa Latinoamericana de Ajedrez 2011"]
[Site "Montevideo URU"]
[Date "2011.11.01"]
[Round "1.67"]
[White "Ovalles, Otto"]
[Black "Cordero, Renzo"]
[Result "1-0"]
[WhiteElo "2175"]
[BlackElo "1978"]
[PlyCount "57"]
[EventDate "2011.11.01"]
[EventType "swiss"]
[EventRounds "9"]
[EventCountry "URU"]
[Source "lmi"]
[SourceDate "2011.11.01"]

1. Nf3 Nf6 2. c4 g6 3. Nc3 Bg7 4. e4 d6 5. d4 O-O 6. Be2 e5 7. O-O Nc6 8. d5
Ne7 9. b4 a5 10. Ba3 axb4 11. Bxb4 Nd7 12. Nd2 f5 13. Nb3 b6 14. f3 f4 15. a4
Nc5 16. Qc2 g5 17. a5 Na6 18. Ba3 bxa5 19. c5 h5 20. Nb5 Rf6 21. Nxa5 g4 22.
cxd6 cxd6 23. Nc4 gxf3 24. Bxf3 Nc5 25. Ncxd6 Rxa3 26. Rxa3 Rxd6 27. Qxc5 Rh6
28. Ra8 Bf8 29. d6 1-0

[Event "Copa Latinoamericana de Ajedrez 2011"]
[Site "Montevideo URU"]
[Date "2011.11.01"]
[Round "1.68"]
[White "Fernandez, Antonio"]
[Black "Guerrero, Alvaro"]
[Result "0-1"]
[WhiteElo "1973"]
[BlackElo "2170"]
[PlyCount "48"]
[EventDate "2011.11.01"]
[EventType "swiss"]
[EventRounds "9"]
[EventCountry "URU"]
[Source "lmi"]
[SourceDate "2011.11.01"]

1. e4 c6 2. d4 d5 3. Nc3 dxe4 4. Nxe4 Bf5 5. Ng3 Bg6 6. Bc4 e6 7. N1e2 Bd6 8.
Bf4 Nf6 9. h4 h6 10. h5 Bh7 11. Qd2 Qc7 12. O-O-O Nbd7 13. Rhe1 O-O-O 14. Bxd6
Qxd6 15. Nf4 Kb8 16. c3 Qc7 17. Bd3 e5 18. dxe5 Nxe5 19. Qc2 Nxd3+ 20. Nxd3
Rhe8 21. Re5 Rxe5 22. Qd2 Red5 23. Qe3 Qd6 24. Kc2 Ng4 0-1

[Event "Copa Latinoamericana de Ajedrez 2011"]
[Site "Montevideo URU"]
[Date "2011.11.01"]
[Round "1.69"]
[White "Saralegui, Mario"]
[Black "Avedisian, Alexander"]
[Result "0-1"]
[WhiteElo "2169"]
[BlackElo "1965"]
[PlyCount "90"]
[EventDate "2011.11.01"]
[EventType "swiss"]
[EventRounds "9"]
[EventCountry "URU"]
[Source "lmi"]
[SourceDate "2011.11.01"]

1. d4 Nf6 2. c4 g6 3. Nc3 Bg7 4. e4 d6 5. Nf3 O-O 6. Be2 e5 7. Be3 Nc6 8. d5
Ne7 9. Nd2 Ne8 10. g4 f5 11. gxf5 gxf5 12. f3 f4 13. Bf2 a5 14. Qc2 Bd7 15. h4
h5 16. O-O-O Kh8 17. Rdg1 Nf6 18. c5 a4 19. Kb1 Qb8 20. cxd6 cxd6 21. Bb5 Rc8
22. Qd3 a3 23. b3 Rxc3 24. Qxc3 Bxb5 25. Rc1 Nexd5 26. Qc2 Nb4 27. Qc7 Bd3+ 28.
Ka1 Qxc7 29. Rxc7 Ne8 30. Rc3 d5 31. Rg1 d4 32. Rc5 b6 33. Rcc1 Nc2+ 34. Kb1
Rc8 35. Nc4 b5 36. Nxa3 Nxa3+ 37. Kb2 Nc2 38. Rg5 Bf8 39. Rxh5+ Kg7 40. Rg1+
Kf7 41. Rf5+ Nf6 42. a4 Ba3+ 43. Ka2 b4 44. Rd1 Be2 45. Rd2 d3 0-1

[Event "Copa Latinoamericana de Ajedrez 2011"]
[Site "Montevideo URU"]
[Date "2011.11.01"]
[Round "1.70"]
[White "Urrestarazu, Diego"]
[Black "Lopez Azambuja, Nicolas"]
[Result "0-1"]
[WhiteElo "1955"]
[BlackElo "2166"]
[PlyCount "76"]
[EventDate "2011.11.01"]
[EventType "swiss"]
[EventRounds "9"]
[EventCountry "URU"]
[Source "lmi"]
[SourceDate "2011.11.01"]

1. c4 g6 2. Nc3 Bg7 3. d4 Nf6 4. e4 d6 5. Nf3 O-O 6. Be2 Nbd7 7. Bg5 c5 8. d5
h6 9. Be3 b5 10. cxb5 a6 11. a4 Qa5 12. O-O Ng4 13. Bd2 Nde5 14. Nxe5 Nxe5 15.
f4 Nd7 16. Rc1 Qb4 17. Qc2 axb5 18. axb5 Nf6 19. h3 Bb7 20. Bd3 Nd7 21. Nd1 Qa4
22. b3 Qa2 23. Nc3 Qxc2 24. Rxc2 Ra5 25. Rb1 Nb6 26. Bc1 Raa8 27. Bb2 f5 28.
exf5 gxf5 29. Re2 Rf7 30. Rbe1 Kf8 31. Na4 Nxa4 32. Bxg7+ Rxg7 33. bxa4 Rxa4
34. Bxf5 Bxd5 35. g4 Rxf4 36. Ra1 Rxf5 37. b6 Rf4 38. Rb2 Rb4 0-1

[Event "Copa Latinoamericana de Ajedrez 2011"]
[Site "Montevideo URU"]
[Date "2011.11.01"]
[Round "1.71"]
[White "Froes Yano, William Jorge"]
[Black "Barandiaran, Gabriel"]
[Result "1-0"]
[WhiteElo "2162"]
[BlackElo "1945"]
[PlyCount "60"]
[EventDate "2011.11.01"]
[EventType "swiss"]
[EventRounds "9"]
[EventCountry "URU"]
[Source "lmi"]
[SourceDate "2011.11.01"]

1. e4 e5 2. Nc3 Bc5 3. f4 d6 4. Nf3 Nd7 5. Bc4 Ngf6 6. Qe2 c6 7. Bb3 b5 8. d3
a5 9. a4 b4 10. Nd1 O-O 11. fxe5 Nxe5 12. Be3 Qb6 13. Nxe5 dxe5 14. Qf2 Bxe3
15. Nxe3 Qd4 16. O-O-O Ne8 17. Rdf1 Ra7 18. Qg3 Kh8 19. Nc4 Re7 20. Nxa5 Qc5
21. Nc4 Re6 22. Qf2 Qe7 23. Nb6 Ba6 24. Bxe6 Qxe6 25. Qc5 Nd6 26. Nc4 Bxc4 27.
dxc4 Rc8 28. Re1 Nxc4 29. b3 Qh6+ 30. Kb1 Qd2 1-0

[Event "Copa Latinoamericana de Ajedrez 2011"]
[Site "Montevideo URU"]
[Date "2011.11.01"]
[Round "1.72"]
[White "Cicero, Carlos"]
[Black "Ulaneo, Ruben"]
[Result "1-0"]
[WhiteElo "1937"]
[BlackElo "2155"]
[PlyCount "89"]
[EventDate "2011.11.01"]
[EventType "swiss"]
[EventRounds "9"]
[EventCountry "URU"]
[Source "lmi"]
[SourceDate "2011.11.01"]

1. e4 Nf6 2. Nc3 d5 3. exd5 Nxd5 4. d4 Bf5 5. Bc4 e6 6. Nf3 Be7 7. O-O O-O 8.
Re1 Bf6 9. Ne2 Nc6 10. c3 a6 11. Ng3 Bg6 12. a4 a5 13. Bd2 h6 14. Bb3 Nce7 15.
Ne4 Bxe4 16. Rxe4 Ng6 17. Bc2 Nde7 18. h4 Re8 19. h5 Nf8 20. Qc1 Nf5 21. Rg4
Kh7 22. Ne5 Bxe5 23. dxe5 Qd5 24. c4 Qc5 25. Ra3 g5 26. Bxg5 Qxe5 27. Bf4 Qf6
28. Rag3 Nd7 29. Bxc7 Kh8 30. Bxf5 exf5 31. Rg6 fxg6 32. Qxh6+ Kg8 33. Rxg6+
Kf7 34. Rxf6+ Nxf6 35. Qg6+ Ke6 36. g4 fxg4 37. Qg5 Rg8 38. Qe5+ Kf7 39. Bxa5
Rge8 40. Qb5 Re7 41. Bb4 Rd7 42. Bc3 Rad8 43. Qg5 Ne8 44. Qg6+ Ke7 45. Bb4+ 1-0

[Event "Copa Latinoamericana de Ajedrez 2011"]
[Site "Montevideo URU"]
[Date "2011.11.01"]
[Round "1.73"]
[White "Curi, Gabriel"]
[Black "Pos, Marcos"]
[Result "1-0"]
[WhiteElo "2154"]
[BlackElo "1931"]
[PlyCount "51"]
[EventDate "2011.11.01"]
[EventType "swiss"]
[EventRounds "9"]
[EventCountry "URU"]
[Source "lmi"]
[SourceDate "2011.11.01"]

1. e4 e5 2. f4 d5 3. exd5 exf4 4. Nf3 Nf6 5. Bc4 Nxd5 6. O-O Be6 7. Bb3 Bc5+ 8.
d4 Be7 9. c4 Ne3 10. Bxe3 fxe3 11. Nc3 O-O 12. Qd3 g6 13. Rae1 Bf6 14. Qxe3 Bg4
15. Nd5 Nc6 16. Qf4 Bf5 17. Nxf6+ Qxf6 18. g4 Rad8 19. gxf5 Nxd4 20. Nxd4 Rxd4
21. Re4 Rxe4 22. Qxe4 Qxb2 23. c5 Qf6 24. fxg6 Qg5+ 25. Kh1 hxg6 26. Rg1 1-0

[Event "Copa Latinoamericana de Ajedrez 2011"]
[Site "Montevideo URU"]
[Date "2011.11.01"]
[Round "1.74"]
[White "Introini, Luis Fredy"]
[Black "Crespo, Antonio Rogerio"]
[Result "1/2-1/2"]
[WhiteElo "1929"]
[BlackElo "2153"]
[PlyCount "88"]
[EventDate "2011.11.01"]
[EventType "swiss"]
[EventRounds "9"]
[EventCountry "URU"]
[Source "lmi"]
[SourceDate "2011.11.01"]

1. e4 c5 2. Nf3 a6 3. d4 cxd4 4. Nxd4 Nf6 5. Bd3 e5 6. Nb3 Nc6 7. O-O Be7 8.
Nc3 d6 9. h3 Be6 10. Be3 O-O 11. f4 exf4 12. Bxf4 Ne5 13. Kh2 Rc8 14. Nd4 Nc4
15. Nxe6 fxe6 16. Bxc4 Rxc4 17. Qd3 Qc7 18. Bg3 b5 19. a3 Rc8 20. Rad1 e5 21.
Nd5 Qd8 22. Nxf6+ Bxf6 23. Qd5+ Kh8 24. c3 R4c6 25. Rd3 Qg8 26. Qxg8+ Kxg8 27.
Rfd1 Be7 28. Rf3 Rc4 29. Re1 R8c6 30. Re2 Bf6 31. Rd3 Kf7 32. Rf3 Ke6 33. Rd3
a5 34. Be1 a4 35. g3 Bd8 36. Kg2 Rc8 37. Bf2 Be7 38. Bb6 Rb8 39. Ba7 Ra8 40.
Bb6 Rf8 41. Bf2 Rc6 42. Rd5 Rb8 43. Ba7 Rb7 44. Bf2 Rc4 1/2-1/2

[Event "Copa Latinoamericana de Ajedrez 2011"]
[Site "Montevideo URU"]
[Date "2011.11.01"]
[Round "1.75"]
[White "Arias, Jorge"]
[Black "Martinez, Carlos"]
[Result "1-0"]
[WhiteElo "2151"]
[BlackElo "1882"]
[PlyCount "28"]
[EventDate "2011.11.01"]
[EventType "swiss"]
[EventRounds "9"]
[EventCountry "URU"]
[Source "lmi"]
[SourceDate "2011.11.01"]

1. c4 c5 2. Nc3 Nc6 3. Nf3 Nf6 4. d4 e6 5. d5 Na5 6. e4 b6 7. e5 Ng8 8. d6 Ba6
9. b3 g6 10. Bg5 Qc8 11. Ne4 Bg7 12. Bd3 h6 13. Bh4 g5 14. Bg3 Bb7 1-0

[Event "Copa Latinoamericana de Ajedrez 2011"]
[Site "Montevideo URU"]
[Date "2011.11.01"]
[Round "1.76"]
[White "Romaniello, Enrique"]
[Black "Valenzuela Gomez, Fernando"]
[Result "1/2-1/2"]
[WhiteElo "1880"]
[BlackElo "2151"]
[PlyCount "96"]
[EventDate "2011.11.01"]
[EventType "swiss"]
[EventRounds "9"]
[EventCountry "URU"]
[Source "lmi"]
[SourceDate "2011.11.01"]

1. d4 Nf6 2. c4 e6 3. Nf3 c5 4. Nc3 cxd4 5. Nxd4 a6 6. g3 Nc6 7. Bg2 Bc5 8. e3
O-O 9. O-O Qc7 10. b3 b6 11. Bb2 Bb7 12. Ne4 Nxe4 13. Bxe4 f5 14. Bg2 Be7 15.
Qe2 Rac8 16. Rac1 Qb8 17. Rfd1 Qa8 18. Qf1 Ne5 19. Bxb7 Qxb7 20. Qg2 Qxg2+ 21.
Kxg2 Ng4 22. Ne2 Rfd8 23. Nf4 Kf7 24. Nd3 Bf6 25. Bxf6 Nxf6 26. Ne5+ Ke7 27. h4
Rc7 28. Rc2 d6 29. Nf3 b5 30. Rdc1 Rdc8 31. Nd4 e5 32. cxb5 Rxc2 33. Rxc2 Rxc2
34. Nxc2 axb5 35. Kf3 Kd7 36. a3 Kc6 37. Nb4+ Kc5 38. Na6+ Kb6 39. Nb4 Ne4 40.
Ke2 Nc5 41. Nd5+ Kb7 42. b4 Ne4 43. Ke1 g6 44. h5 Kc6 45. hxg6 hxg6 46. Ne7+
Kd7 47. Nxg6 Kc6 48. Ne7+ Kd7 1/2-1/2

[Event "Copa Latinoamericana de Ajedrez 2011"]
[Site "Montevideo URU"]
[Date "2011.11.01"]
[Round "1.77"]
[White "Mafra Kaiser, Luiz"]
[Black "Nuñez, Hiber"]
[Result "1-0"]
[WhiteElo "2150"]
[BlackElo "1865"]
[PlyCount "75"]
[EventDate "2011.11.01"]
[EventType "swiss"]
[EventRounds "9"]
[EventCountry "URU"]
[Source "lmi"]
[SourceDate "2011.11.01"]

1. e4 e6 2. d4 d5 3. Nc3 Nf6 4. Bg5 Be7 5. e5 Nfd7 6. h4 a6 7. Bxe7 Qxe7 8. Qg4
f6 9. f4 fxe5 10. dxe5 c5 11. O-O-O Nc6 12. Nf3 b5 13. Ng5 Nf8 14. Bxb5 axb5
15. Nxb5 h5 16. Qh3 Rg8 17. Nd6+ Kd8 18. Ngf7+ Kc7 19. Qb3 Ba6 20. Ng5 Nd7 21.
Qh3 Nd8 22. Rhe1 Nb6 23. f5 exf5 24. Nxf5 Qd7 25. e6 Qa4 26. Qg3+ Kb7 27. e7
Bb5 28. exd8=Q Raxd8 29. Re7+ Rd7 30. Ne6 Qxa2 31. Rxd7+ Nxd7 32. Qc7+ Ka6 33.
Qd6+ Ka5 34. Qc7+ Kb4 35. c3+ Kb3 36. Ned4+ cxd4 37. Nxd4+ Ka4 38. Qa7+ 1-0

[Event "Copa Latinoamericana de Ajedrez 2011"]
[Site "Montevideo URU"]
[Date "2011.11.01"]
[Round "1.78"]
[White "Guelvenzu, Esteban"]
[Black "Arcos Facio, Mateo"]
[Result "0-1"]
[WhiteElo "1861"]
[BlackElo "2148"]
[PlyCount "66"]
[EventDate "2011.11.01"]
[EventType "swiss"]
[EventRounds "9"]
[EventCountry "URU"]
[Source "lmi"]
[SourceDate "2011.11.01"]

1. e4 g6 2. d4 Bg7 3. Be3 d6 4. Nf3 Nd7 5. Bc4 e6 6. Nc3 a6 7. a4 b6 8. Qd2 Bb7
9. Bd3 h6 10. b4 Ne7 11. O-O Kf8 12. Rab1 Kg8 13. Ne2 Nf6 14. Ng3 d5 15. e5 Ne4
16. Bxe4 dxe4 17. Ne1 Nf5 18. f3 exf3 19. Nxf3 Kh7 20. Nxf5 exf5 21. c4 Re8 22.
Rb3 Qd7 23. a5 b5 24. Rc3 bxc4 25. Rxc4 Bd5 26. Rc2 Rab8 27. Rfc1 c6 28. Qd3
Qa7 29. Bd2 Be4 30. Ng5+ hxg5 31. Qh3+ Kg8 32. Rc5 Qd7 33. Be3 Rxb4 0-1

[Event "Copa Latinoamericana de Ajedrez 2011"]
[Site "Montevideo URU"]
[Date "2011.11.01"]
[Round "1.79"]
[White "Escandon, Federico"]
[Black "Nacelle, Daniel"]
[Result "1-0"]
[WhiteElo "2145"]
[BlackElo "1860"]
[PlyCount "99"]
[EventDate "2011.11.01"]
[EventType "swiss"]
[EventRounds "9"]
[EventCountry "URU"]
[Source "lmi"]
[SourceDate "2011.11.01"]

1. e4 c6 2. Ne2 d5 3. e5 Bf5 4. d4 e6 5. h4 h6 6. Ng3 Ne7 7. c3 Nd7 8. Nxf5
Nxf5 9. Bd3 Ne7 10. Be3 Qc7 11. Nd2 c5 12. Qh5 Nc6 13. O-O Be7 14. f4 Rf8 15.
f5 O-O-O 16. fxe6 fxe6 17. Qg4 c4 18. Bc2 Rxf1+ 19. Nxf1 Nf8 20. b4 Kb8 21. h5
Rd7 22. Ng3 Bd8 23. a4 b6 24. Re1 Rf7 25. Bc1 Qd7 26. Ba3 Bg5 27. Bc1 Qe7 28.
Bxg5 Qxg5 29. Qxg5 hxg5 30. Rf1 Nd8 31. Rf2 Kc7 32. Nf1 Kd7 33. Nh2 Rxf2 34.
Kxf2 Nf7 35. Nf3 Ke7 36. Kg3 a6 37. Kg4 b5 38. a5 Ke8 39. Nxg5 Nh6+ 40. Kf4 Ke7
41. g4 Ng8 42. Nf3 Nh6 43. Nh4 Kf7 44. Ng6 Nxg6+ 45. Bxg6+ Ke7 46. g5 Ng8 47.
Bh7 Kf8 48. Bxg8 Kxg8 49. g6 Kf8 50. Kg5 1-0

[Event "Copa Latinoamericana de Ajedrez 2011"]
[Site "Montevideo URU"]
[Date "2011.11.01"]
[Round "1.80"]
[White "Hernandez, Rafael"]
[Black "Sanguinetti, Luis"]
[Result "0-1"]
[WhiteElo "1827"]
[BlackElo "2138"]
[PlyCount "178"]
[EventDate "2011.11.01"]
[EventType "swiss"]
[EventRounds "9"]
[EventCountry "URU"]
[Source "lmi"]
[SourceDate "2011.11.01"]

1. d4 Nf6 2. Nf3 g6 3. Bg5 Bg7 4. Nbd2 O-O 5. e3 d6 6. Bd3 Nbd7 7. O-O e5 8. h3
Qe8 9. dxe5 dxe5 10. Bc4 h6 11. Bh4 Kh8 12. c3 g5 13. Bg3 Ng8 14. e4 Ne7 15.
Re1 Nc6 16. Nf1 Nb6 17. Bb3 f5 18. exf5 Bxf5 19. Ne3 Rd8 20. Qc1 Be4 21. Nd2
Bd3 22. Bc2 Qg6 23. Rd1 Bxc2 24. Qxc2 Qxc2 25. Nxc2 Na4 26. Ne4 b6 27. b3 Nb2
28. Rxd8 Rxd8 29. Rb1 Nd3 30. Rd1 Kh7 31. Ne3 Kg6 32. Kf1 Nf4 33. Rxd8 Nxd8 34.
Ke1 Nde6 35. Kd2 Bf8 36. f3 Nc5 37. Nxc5 Bxc5 38. Bxf4 exf4 39. Nc2 Kh5 40. Ke2
Kh4 41. Kf1 Kg3 42. Ne1 h5 43. Nd3 Bd6 44. Nb2 Be5 45. Nd1 b5 46. Nf2 Kh4 47.
Ne4 g4 48. hxg4 hxg4 49. Kf2 Bg7 50. c4 bxc4 51. bxc4 Bd4+ 52. Ke2 Kh5 53. Nf2
gxf3+ 54. gxf3 Bxf2 55. Kxf2 Kg5 56. Ke2 c5 57. Kf2 Kf6 58. Ke2 Ke6 59. Kd2 Kf5
60. Ke2 Kf6 61. Kd3 Kf5 62. Ke2 Kf6 63. Kd3 Kf5 64. Ke2 Kg5 65. Kf2 Kf6 66. Ke2
Ke6 67. Kd2 Kd6 68. Kc2 Ke6 69. Kd2 Kf6 70. Ke2 Kf5 71. Kd3 a6 72. a3 Ke5 73.
Kc3 Kd6 74. Kd2 Ke6 75. Kd3 Kf5 76. Ke2 Kf6 77. Kd3 Ke5 78. Kc3 Kf6 79. Kd3 Kf5
80. Ke2 Kg5 81. Kf2 Kh4 82. Kg2 Kh5 83. Kh2 Kg6 84. Kh3 Kg5 85. Kh2 Kf5 86. Kh3
Ke5 87. Kg4 Kd4 88. Kxf4 Kxc4 89. Ke4 Kb3 0-1

[Event "Copa Latinoamericana de Ajedrez 2011"]
[Site "Montevideo URU"]
[Date "2011.11.01"]
[Round "1.81"]
[White "Restuccia, Francisco"]
[Black "Dos Santos, Jonathan"]
[Result "1-0"]
[WhiteElo "2136"]
[BlackElo "1820"]
[PlyCount "41"]
[EventDate "2011.11.01"]
[EventType "swiss"]
[EventRounds "9"]
[EventCountry "URU"]
[Source "lmi"]
[SourceDate "2011.11.01"]

1. e4 e6 2. d4 d5 3. exd5 exd5 4. Nf3 Bd6 5. c4 dxc4 6. Bxc4 Nf6 7. O-O O-O 8.
Nc3 c6 9. h3 h6 10. Qd3 Bc7 11. Re1 Nd5 12. Nxd5 cxd5 13. Bb3 Be6 14. Bc2 g6
15. Bxh6 Re8 16. Bg5 Qd7 17. Bf6 Bf4 18. Ne5 Bxe5 19. dxe5 Rc8 20. Qg3 Rxc2 21.
Qh4 1-0